40 cidades mais populosas de Santa Catarina - Statistics

Estatísticas Gerais
  • Esse quiz foi jogado 685 vezes
  • A pontuação média é 25 de 40
Estatísticas das Respostas
Nº de Habitantes Letra Inicial Cidade % Correto
469 690 F Florianópolis
100%
562 151 J Joinville
98%
338 876 B Blumenau
94%
205 795 C Chapecó
94%
206 918 C Criciúma
92%
158 732 L Lages
88%
232 309 S São José
87%
128 155 B Balneário Camboriú
85%
205 271 I Itajaí
85%
163 735 J Jaraguá do Sul
82%
122 775 T Tubarão
80%
157 833 P Palhoça
79%
122 775 B Brusque
77%
48 370 X Xanxerê
76%
74 434 C Camboriú
70%
72 642 C Concórdia
64%
72 772 N Navegantes
64%
57 089 I Itapema
59%
67 237 R Rio do Sul
59%
64 488 B Biguaçu
57%
75 812 C Caçador
56%
63 489 I Indaial
55%
65 769 A Araranguá
54%
44 650 L Laguna
54%
55 313 M Mafra
53%
80 936 S São Bento do Sul
52%
48 606 S São Francisco do Sul
52%
38 984 S São Miguel do Oeste
52%
41 283 T Timbó
49%
39 231 C Curitibanos
46%
65 024 G Gaspar
45%
43 168 I Imbituba
45%
50 926 V Videira
44%
54 188 C Canoinhas
42%
41 602 R Rio Negrinho
39%
35 402 T Tijucas
38%
53 145 I Içara
36%
35 942 F Fraiburgo
32%
35 402 C Campos Novos
31%
40 878 G Guaramirim
30%
Nenhum quiz correspondente encontrado
Distribuição das Pontuações
Porcentagem de Pessoas com Cada Pontuação
Percentil de Números Respondidos
Sua Pontuação Histórica
Você não jogou esse quiz